| 000 | 00471nam a2200193Ia 4500 | ||
|---|---|---|---|
| 008 | 170705s9999 xx 000 0 und d | ||
| 020 | _a9780545425957 | ||
| 245 | 4 | _aThe magical animal fairies : | |
| 245 | _bAshley the dragon fairy / | ||
| 245 | _cDaisy Meadows. | ||
| 260 | _aNew York : | ||
| 260 | _bScholastic, | ||
| 260 | _c2009 | ||
| 300 | _a65 pages : | ||
| 300 | _bcolor illustration ; | ||
| 300 | _c19cm. | ||
| 440 | _aRainbow magic. | ||
| 500 | _a750 | ||
| 999 |
_c336401 _d336401 |
||